[Event "24. Acropolis 2009"]
[Site "Chalkida GRE"]
[Date "2009.08.16"]
[Round "7.15"]
[White "Muzychuk, Anna"]
[Black "Ris, Robert"]
[Result "1/2-1/2"]
[WhiteElo "2542"]
[BlackElo "2421"]
[PlyCount "112"]
[EventDate "2009.08.10"]
[EventType "swiss"]
[EventRounds "9"]
[EventCountry "GRE"]
[Source "lmi"]
[SourceDate "2009.08.10"]

1. e4 e5 2. Nf3 Nc6 3. Bb5 a6 4. Bxc6 dxc6 5. O-O Bd6 6. d4 exd4 7. Qxd4 f6 8.
Be3 Ne7 9. Nbd2 Be6 10. Qc3 Ng6 11. Nd4 Qe7 12. Nxe6 Qxe6 13. Qb3 Qxb3 14. axb3
O-O-O 15. Rfd1 Rhe8 16. f3 h5 17. g3 Re5 18. Nc4 Rb5 19. f4 Nh8 20. Kg2 Nf7 21.
Bd4 Re8 22. Re1 Bc5 23. Rad1 Bxd4 24. Rxd4 Rd5 25. exd5 Rxe1 26. dxc6 bxc6 27.
Rd2 Nd6 28. Kf2 Rb1 29. Nxd6+ cxd6 30. Rxd6 Kc7 31. Rd2 Rxb2 32. Ke3 Ra2 33.
Kd3 Ra5 34. Kc4 Rf5 35. Rd4 Kb6 36. Kd3 Kc7 37. h3 Rd5 38. Kc4 Ra5 39. Rd1 Rf5
40. Rd4 Ra5 41. g4 hxg4 42. hxg4 g5 43. Kd3 gxf4 44. Ke4 Rd5 45. Rc4 Kd6 46.
Kxf4 a5 47. Ke3 Rg5 48. Rd4+ Ke6 49. Kf4 Rc5 50. c4 Re5 51. Rd8 Ke7 52. Rh8 Re1
53. Rh5 Rf1+ 54. Ke4 Rg1 55. Kf5 Rf1+ 56. Ke4 Rg1 1/2-1/2

[Event "24. Acropolis 2009"]
[Site "Chalkida GRE"]
[Date "2009.08.16"]
[Round "7.16"]
[White "Melia, Salome"]
[Black "Aroshidze, Levan"]
[Result "1/2-1/2"]
[WhiteElo "2441"]
[BlackElo "2537"]
[PlyCount "39"]
[EventDate "2009.08.10"]
[EventType "swiss"]
[EventRounds "9"]
[EventCountry "GRE"]
[Source "lmi"]
[SourceDate "2009.08.10"]

1. e4 c5 2. Nf3 d6 3. d4 cxd4 4. Nxd4 Nf6 5. Nc3 a6 6. Bg5 e6 7. f4 Nbd7 8. Qe2
Qc7 9. O-O-O Be7 10. g4 b5 11. a3 Bb7 12. Bxf6 Nxf6 13. g5 Nd7 14. h4 Nb6 15.
f5 e5 16. Nb3 h6 17. f6 gxf6 18. gxf6 Bxf6 19. Na5 Na4 20. Nxb7 1/2-1/2

[Event "24. Acropolis 2009"]
[Site "Chalkida GRE"]
[Date "2009.08.16"]
[Round "7.17"]
[White "Peptan, Corina-Isabela"]
[Black "Georgiev, Vladimir"]
[Result "0-1"]
[WhiteElo "2392"]
[BlackElo "2530"]
[PlyCount "82"]
[EventDate "2009.08.10"]
[EventType "swiss"]
[EventRounds "9"]
[EventCountry "GRE"]
[Source "lmi"]
[SourceDate "2009.08.10"]

1. e4 e5 2. Nf3 Nc6 3. Bb5 a6 4. Ba4 Nf6 5. O-O b5 6. Bb3 Bc5 7. d3 d6 8. c3 h6
9. Be3 O-O 10. Nbd2 Rb8 11. h3 Bxe3 12. fxe3 Na5 13. Bc2 c5 14. Qe1 Nc6 15. Nh4
g6 16. Bb3 Kg7 17. Qg3 Qe7 18. Nf5+ Bxf5 19. exf5 c4 20. dxc4 bxc4 21. Nxc4 Ne4
22. Qf3 d5 23. Bc2 Nf6 24. Ba4 Qc5 25. Nd2 Rxb2 26. Nb3 Qc4 27. Bxc6 Qxc6 28.
Rac1 g5 29. Qg3 Re8 30. h4 g4 31. Rf2 Rxf2 32. Qxf2 h5 33. Nd2 Rb8 34. Nf1 Ne4
35. Qc2 Qf6 36. Rd1 Qc6 37. Rc1 Rc8 38. Qb2 Qb5 39. Qa3 Qe2 40. Qe7 Qf2+ 41.
Kh1 Qxf5 0-1

[Event "24. Acropolis 2009"]
[Site "Chalkida GRE"]
[Date "2009.08.16"]
[Round "7.18"]
[White "Nikolaidis, Ioannis"]
[Black "Maric, Alisa"]
[Result "1/2-1/2"]
[WhiteElo "2529"]
[BlackElo "2407"]
[PlyCount "83"]
[EventDate "2009.08.10"]
[EventType "swiss"]
[EventRounds "9"]
[EventCountry "GRE"]
[Source "lmi"]
[SourceDate "2009.08.10"]

1. e4 c6 2. Nf3 d5 3. Nc3 Bg4 4. h3 Bxf3 5. Qxf3 e6 6. g3 Nd7 7. d4 dxe4 8.
Nxe4 Ndf6 9. Be3 Nxe4 10. Qxe4 Nf6 11. Qf3 Qd5 12. Bg2 Qxf3 13. Bxf3 Nd5 14. c4
Nxe3 15. fxe3 Bd6 16. Kf2 O-O 17. c5 Be7 18. b4 Rfd8 19. Rhd1 Bf6 20. b5 Rac8
21. Rac1 g6 22. a4 Rc7 23. Rc4 e5 24. d5 cxd5 25. Rxd5 Rxd5 26. Bxd5 Be7 27. c6
b6 28. e4 Bd6 29. g4 h6 30. Rc3 Kg7 31. Ke2 Re7 32. Rf3 Bc7 33. Bb3 Bd6 34. Rf1
Bc7 35. Kd2 Bd6 36. Kc3 Bc7 37. Rf3 Bd6 38. h4 g5 39. h5 Bc7 40. Kc4 Kf8 41.
Rd3 Ke8 42. Kb4 1/2-1/2

[Event "24. Acropolis 2009"]
[Site "Chalkida GRE"]
[Date "2009.08.16"]
[Round "7.19"]
[White "Asik, Josip"]
[Black "Chirila, Ioan-Cristian"]
[Result "1/2-1/2"]
[WhiteElo "2356"]
[BlackElo "2526"]
[PlyCount "120"]
[EventDate "2009.08.10"]
[EventType "swiss"]
[EventRounds "9"]
[EventCountry "GRE"]
[Source "lmi"]
[SourceDate "2009.08.10"]

1. e4 c5 2. Nf3 d6 3. c3 Nf6 4. Bd3 Nc6 5. h3 e5 6. O-O Be7 7. Re1 O-O 8. Bb5
Bd7 9. d4 Qc7 10. d5 Nb8 11. Bf1 b5 12. c4 b4 13. Nh2 Bc8 14. f4 exf4 15. Bxf4
Nbd7 16. Nd2 Ne5 17. Nhf3 Ng6 18. Bh2 Nd7 19. Bd3 Bf6 20. Rb1 Nde5 21. Nxe5
Bxe5 22. Nf3 Bxh2+ 23. Kxh2 f6 24. Qd2 Qe7 25. Rf1 Bd7 26. Rbe1 Ne5 27. Nxe5
Qxe5+ 28. Kh1 Rae8 29. Re2 Re7 30. Qf4 Qxf4 31. Rxf4 Be8 32. Rf1 Bg6 33. Rfe1
Rfe8 34. g4 Re5 35. Kg2 Kf7 36. Kf3 h5 37. Rh1 Rh8 38. Rhh2 Ke7 39. Reg2 Be8
40. Kf4 Rg5 41. Be2 h4 42. Bd3 Bg6 43. Re2 Re5 44. Rhf2 Rb8 45. Rg2 Rg5 46.
Rgf2 Rb6 47. Rf1 Ra6 48. Bb1 Kf7 49. Rff2 Kg8 50. Rf1 Kh7 51. Rff2 Re5 52. Rf1
Kh6 53. Rfe1 Be8 54. Re3 Bd7 55. R3e2 Bc8 56. Re3 Re7 57. R3e2 Ra4 58. Rc1 Ba6
59. Re3 Rb7 60. Rb3 Re7 1/2-1/2

[Event "24. Acropolis 2009"]
[Site "Chalkida GRE"]
[Date "2009.08.16"]
[Round "7.20"]
[White "Managadze, Nikoloz"]
[Black "Cherednichenko, Svetlana"]
[Result "1/2-1/2"]
[WhiteElo "2459"]
[BlackElo "2347"]
[PlyCount "121"]
[EventDate "2009.08.10"]
[EventType "swiss"]
[EventRounds "9"]
[EventCountry "GRE"]
[Source "lmi"]
[SourceDate "2009.08.10"]

1. Nf3 Nf6 2. d4 g6 3. e3 Bg7 4. b4 O-O 5. Bb2 d6 6. Nbd2 Nbd7 7. c4 e5 8. dxe5
Ng4 9. Be2 Ngxe5 10. Nxe5 Nxe5 11. O-O Nf3+ 12. Bxf3 Bxb2 13. Rb1 Bg7 14. c5 d5
15. c6 bxc6 16. Nb3 Qd6 17. Qd2 Rb8 18. a3 Kh8 19. Rbc1 Rb6 20. Rfd1 f5 21. Rc5
g5 22. Qc2 g4 23. Be2 f4 24. exf4 Qxf4 25. Bd3 h5 26. g3 Qf6 27. b5 h4 28. Na5
h3 29. Nxc6 Qf3 30. Bf1 Bf5 31. Qe2 Be4 32. Qxf3 Bxf3 33. Rdxd5 Bxd5 34. Rxd5
Bf6 35. a4 Kg7 36. Be2 Re8 37. Kf1 Re4 38. a5 Rb7 39. a6 Rb6 40. Rd7+ Kh6 41.
Rxc7 Bc3 42. Nxa7 Rbe6 43. Rxc3 Rxe2 44. Rc1 Rb2 45. Kg1 Ree2 46. Rf1 Red2 47.
Nc6 Rxb5 48. a7 Ra2 49. Nd4 Rd5 50. Nc2 Rxa7 51. Ne3 Rg5 52. f3 gxf3 53. Kf2
Kh5 54. Rd1 Ra2+ 55. Kxf3 Rxh2 56. Nd5 Ra2 57. Nf4+ Kh6 58. Rd6+ Kh7 59. Nxh3
Ra3+ 60. Kf4 Rgxg3 61. Ng5+ 1/2-1/2

[Event "24. Acropolis 2009"]
[Site "Chalkida GRE"]
[Date "2009.08.16"]
[Round "7.21"]
[White "Danielian, Elina"]
[Black "Firat, Burak"]
[Result "1-0"]
[WhiteElo "2502"]
[BlackElo "2310"]
[PlyCount "97"]
[EventDate "2009.08.10"]
[EventType "swiss"]
[EventRounds "9"]
[EventCountry "GRE"]
[Source "lmi"]
[SourceDate "2009.08.10"]

1. Nf3 d5 2. d4 Nf6 3. c4 c6 4. Nbd2 a6 5. e3 g6 6. Bd3 Bg7 7. O-O O-O 8. Qc2
Bg4 9. Ne5 Be6 10. c5 Nbd7 11. Nef3 Bg4 12. b4 b5 13. a4 Qc7 14. Bb2 Nh5 15. h3
Bxf3 16. Nxf3 e5 17. dxe5 Nxe5 18. Be2 Nxf3+ 19. Bxf3 Nf6 20. Ra2 Rae8 21. axb5
axb5 22. Rfa1 Re7 23. Ra6 Ne8 24. Rb6 Bxb2 25. Qxb2 Ng7 26. Raa6 Re6 27. Qa1 h5
28. Ra7 Qd8 29. g3 Nf5 30. h4 d4 31. e4 Ng7 32. Rbb7 Qf6 33. Kg2 Rd8 34. Rd7
Ree8 35. e5 Qxe5 36. Rxf7 Ne6 37. Bxc6 Rf8 38. Rxf8+ Rxf8 39. Qa2 Kh8 40. Qd2
g5 41. Qc2 Rf5 42. Be4 Rf8 43. Rh7+ Kg8 44. Rxh5 Kg7 45. Rh7+ Kg8 46. Rh6 Kg7
47. Rg6+ Kh8 48. Qe2 gxh4 49. Qg4 1-0

[Event "24. Acropolis 2009"]
[Site "Chalkida GRE"]
[Date "2009.08.16"]
[Round "7.22"]
[White "Mamedjarova, Zeinab"]
[Black "Smirin, Ilia"]
[Result "1/2-1/2"]
[WhiteElo "2325"]
[BlackElo "2650"]
[PlyCount "87"]
[EventDate "2009.08.10"]
[EventType "swiss"]
[EventRounds "9"]
[EventCountry "GRE"]
[Source "lmi"]
[SourceDate "2009.08.10"]

1. d4 c5 2. d5 Nf6 3. c4 g6 4. Nc3 Bg7 5. e4 d6 6. Nf3 O-O 7. Nd2 Na6 8. Bd3 e6
9. O-O Nc7 10. Re1 Re8 11. a4 b6 12. Bf1 a6 13. a5 Rb8 14. axb6 Rxb6 15. Ra3
Rb4 16. Na2 Rb8 17. Nc3 exd5 18. cxd5 Nb5 19. Rb3 Bd7 20. f3 Nh5 21. Nc4 f5 22.
exf5 Qh4 23. Rxe8+ Rxe8 24. Ne4 Bd4+ 25. Be3 gxf5 26. Nf2 Bg7 27. f4 Nd4 28. g3
Nxg3 29. Bxd4 Ne2+ 30. Bxe2 Bxd4 31. Rg3+ Kf8 32. Qd2 Re4 33. Rf3 Be8 34. Nxd6
Rxe2 35. Qxe2 Bh5 36. Kg2 Bxf3+ 37. Qxf3 Bxf2 38. Qxf2 Qg4+ 39. Kf1 Qd1+ 40.
Qe1 Qf3+ 41. Kg1 Qg4+ 42. Kh1 Qf3+ 43. Kg1 Qg4+ 44. Kh1 1/2-1/2

[Event "24. Acropolis 2009"]
[Site "Chalkida GRE"]
[Date "2009.08.16"]
[Round "7.23"]
[White "Dembo, Yelena"]
[Black "Simeonidis, Ioannis"]
[Result "1-0"]
[WhiteElo "2466"]
[BlackElo "2266"]
[PlyCount "88"]
[EventDate "2009.08.10"]
[EventType "swiss"]
[EventRounds "9"]
[EventCountry "GRE"]
[Source "lmi"]
[SourceDate "2009.08.10"]

1. e4 c6 2. d4 d5 3. e5 Bf5 4. Nd2 e6 5. Nb3 Nd7 6. Nf3 Ne7 7. Be2 Nc8 8. O-O
Be7 9. Ne1 O-O 10. f4 c5 11. dxc5 Bxc5+ 12. Nxc5 Nxc5 13. Be3 Qc7 14. c3 Nb6
15. Bd4 Ncd7 16. Nf3 Nc4 17. b3 Na5 18. Rc1 Nc6 19. Be3 Rac8 20. Qe1 f6 21.
exf6 Nxf6 22. h3 a6 23. Nd4 Qd6 24. b4 Nxd4 25. Bxd4 Rf7 26. Qg3 Qd8 27. Qe3
Ne4 28. c4 Nd6 29. c5 Ne4 30. a4 Qh4 31. Kh2 Rcf8 32. b5 axb5 33. axb5 g5 34.
fxg5 Nxg5 35. Qe5 Rf6 36. Bg4 Qh6 37. Bxf5 Rxf5 38. Rxf5 Rxf5 39. Qg3 Qg6 40.
c6 bxc6 41. b6 Rf7 42. Rxc6 Ne4 43. Rc8+ Rf8 44. Qxg6+ hxg6 1-0

[Event "24. Acropolis 2009"]
[Site "Chalkida GRE"]
[Date "2009.08.16"]
[Round "7.24"]
[White "Papadopoulos, Ioannis K"]
[Black "Burtasova, Anna"]
[Result "0-1"]
[WhiteElo "2450"]
[BlackElo "2325"]
[PlyCount "48"]
[EventDate "2009.08.10"]
[EventType "swiss"]
[EventRounds "9"]
[EventCountry "GRE"]
[Source "lmi"]
[SourceDate "2009.08.10"]

1. Nf3 Nf6 2. c4 c5 3. Nc3 Nc6 4. d4 cxd4 5. Nxd4 e6 6. g3 Bc5 7. e3 O-O 8. Bg2
Ne5 9. b3 d5 10. cxd5 Bb4 11. Bd2 Nd3+ 12. Ke2 Ng4 13. Rf1 e5 14. Nf3 Bxc3 15.
Bxc3 e4 16. Ne1 Ngxf2 17. Rxf2 Bg4+ 18. Bf3 Nxf2 19. Kxf2 Bxf3 20. Nxf3 exf3
21. Qxf3 Rc8 22. Bd4 Rc2+ 23. Kg1 Qd7 24. g4 Qd6 0-1

[Event "24. Acropolis 2009"]
[Site "Chalkida GRE"]
[Date "2009.08.16"]
[Round "7.25"]
[White "Yilmaz, Mustafa Enes"]
[Black "Stiri, Alexandra"]
[Result "1-0"]
[WhiteElo "2432"]
[BlackElo "2163"]
[PlyCount "77"]
[EventDate "2009.08.10"]
[EventType "swiss"]
[EventRounds "9"]
[EventCountry "GRE"]
[Source "lmi"]
[SourceDate "2009.08.10"]

1. e4 c5 2. Nf3 d6 3. d4 cxd4 4. Nxd4 Nf6 5. Nc3 a6 6. Bg5 e6 7. f4 Be7 8. Qf3
Qc7 9. O-O-O Nbd7 10. g4 h6 11. Bxf6 Bxf6 12. h4 Qb6 13. Nde2 g5 14. e5 dxe5
15. fxg5 e4 16. Qxe4 hxg5 17. hxg5 Bxg5+ 18. Kb1 Rxh1 19. Qxh1 Nf8 20. Qh5 Be7
21. Bg2 Qf2 22. Qh1 Qh4 23. Bc6+ Nd7 24. Bxd7+ Bxd7 25. Qxb7 Rd8 26. Qg2 e5 27.
Rg1 Kf8 28. Qe4 Qg5 29. a3 Be6 30. Qh1 Kg7 31. Ng3 Bxg4 32. Qe4 Kf8 33. Nge2
Bf5 34. Qf3 e4 35. Nxe4 Bxe4 36. Qxe4 Qd5 37. Qh7 Bf6 38. Nf4 Qb7 39. Qh6+ 1-0

[Event "24. Acropolis 2009"]
[Site "Chalkida GRE"]
[Date "2009.08.16"]
[Round "7.26"]
[White "Foisor, Cristina Adela B"]
[Black "Petraki, Maria"]
[Result "1-0"]
[WhiteElo "2424"]
[BlackElo "2030"]
[PlyCount "107"]
[EventDate "2009.08.10"]
[EventType "swiss"]
[EventRounds "9"]
[EventCountry "GRE"]
[Source "lmi"]
[SourceDate "2009.08.10"]

1. Nf3 Nf6 2. c4 e6 3. g3 b6 4. Bg2 Bb7 5. O-O Be7 6. Nc3 O-O 7. d4 Ne4 8. Bd2
f5 9. Rc1 Bf6 10. e3 Nxc3 11. Bxc3 d6 12. b4 Nd7 13. Qb3 Qe7 14. Rfd1 Kh8 15.
a4 Be4 16. Qa3 g5 17. c5 d5 18. c6 Nb8 19. Bb2 Na6 20. b5 Nb4 21. Ne5 Bxg2 22.
Kxg2 a5 23. Nd7 Rf7 24. f3 h5 25. h3 Rg8 26. Rh1 h4 27. g4 Qd6 28. Ne5 Bxe5 29.
dxe5 Qe7 30. Qb3 f4 31. Bd4 Rgf8 32. e4 dxe4 33. fxe4 f3+ 34. Kf2 Rf4 35. Rhe1
Qh7 36. Qb1 Rxg4 37. hxg4 h3 38. Rg1 Qh4+ 39. Rg3 Rf4 40. Rh1 h2 41. Qf1 Nd3+
42. Qxd3 Rxg4 43. Qxf3 Rf4 44. Be3 Rxf3+ 45. Kxf3 Qh5+ 46. Kf2 g4 47. Kg2 Qg6
48. Rxh2+ Kg8 49. Rh4 Qxe4+ 50. Kh2 Qxe5 51. Rhxg4+ Kf8 52. Bd4 Qh5+ 53. Kg1 e5
54. Bxb6 1-0

[Event "24. Acropolis 2009"]
[Site "Chalkida GRE"]
[Date "2009.08.16"]
[Round "7.27"]
[White "Charkhalashvili, Inga"]
[Black "Parginos, Vassilios"]
[Result "1-0"]
[WhiteElo "2357"]
[BlackElo "2196"]
[PlyCount "55"]
[EventDate "2009.08.10"]
[EventType "swiss"]
[EventRounds "9"]
[EventCountry "GRE"]
[Source "lmi"]
[SourceDate "2009.08.10"]

1. d4 d5 2. Nf3 e6 3. c4 a6 4. Nc3 dxc4 5. e3 b5 6. a4 b4 7. Nb1 Bb7 8. Bxc4
Nf6 9. O-O Nbd7 10. Nbd2 c5 11. Nb3 Qc7 12. Qe2 Bd6 13. h3 O-O 14. dxc5 Nxc5
15. Bd2 Nxb3 16. Bxb3 Qa5 17. Rfd1 Rfd8 18. Be1 Qh5 19. Nd4 Qg6 20. f3 Nh5 21.
Bh4 Be5 22. Bxd8 Qg3 23. f4 Bxf4 24. exf4 Nxf4 25. Qg4 Qe3+ 26. Kh2 Nxg2 27.
Bf6 g6 28. Qg3 1-0

[Event "24. Acropolis 2009"]
[Site "Chalkida GRE"]
[Date "2009.08.16"]
[Round "7.29"]
[White "Khurtsilava, Inga"]
[Black "Sowray, Peter J"]
[Result "0-1"]
[WhiteElo "2261"]
[BlackElo "2335"]
[PlyCount "74"]
[EventDate "2009.08.10"]
[EventType "swiss"]
[EventRounds "9"]
[EventCountry "GRE"]
[Source "lmi"]
[SourceDate "2009.08.10"]

1. d4 f5 2. Nc3 Nf6 3. Bg5 d5 4. Bxf6 exf6 5. e3 Be6 6. Nf3 Nc6 7. a3 Qd7 8. b4
Nd8 9. Nd2 a5 10. b5 b6 11. g3 Nf7 12. Bg2 Ng5 13. h4 Ne4 14. Ncxe4 fxe4 15. c4
f5 16. g4 Bd6 17. gxf5 Bxf5 18. cxd5 O-O 19. Nxe4 Qxb5 20. Qe2 Qd7 21. Ng5 Rae8
22. Qc4 b5 23. Qc6 Qxc6 24. dxc6 g6 25. h5 h6 26. Bd5+ Kg7 27. Nf3 Bg4 28. Nd2
Rxe3+ 29. Kf1 Rd3 30. Ne4 Rxd4 31. Nxd6 Rxd5 32. Nb7 Rd2 33. Rh2 Bf3 34. Nc5
Rf5 35. Nb3 Rd3 36. Nxa5 Rfd5 37. Re1 Rd1 0-1

[Event "24. Acropolis 2009"]
[Site "Chalkida GRE"]
[Date "2009.08.16"]
[Round "7.31"]
[White "Klinova, Masha"]
[Black "Pavlidou, Ekaterini"]
[Result "1-0"]
[WhiteElo "2312"]
[BlackElo "2179"]
[PlyCount "57"]
[EventDate "2009.08.10"]
[EventType "swiss"]
[EventRounds "9"]
[EventCountry "GRE"]
[Source "lmi"]
[SourceDate "2009.08.10"]

1. e4 c5 2. Nf3 e6 3. c4 Nc6 4. Nc3 Nf6 5. Be2 d5 6. exd5 exd5 7. d4 Be6 8. Be3
cxd4 9. Nxd4 Nxd4 10. Qxd4 dxc4 11. O-O-O Qxd4 12. Bxd4 a6 13. Na4 Nd7 14. f4
b5 15. Nb6 Nxb6 16. Bxb6 Rb8 17. Ba7 Rc8 18. Bd4 Bd6 19. Rhf1 O-O 20. f5 Bd5
21. Bg1 Bxg2 22. Rf2 Bxh2 23. Bxh2 Be4 24. Bd6 Rfd8 25. Bb4 Bd3 26. Bf1 Rd5 27.
f6 g5 28. Bg2 Rd7 29. Bh3 1-0

[Event "24. Acropolis 2009"]
[Site "Chalkida GRE"]
[Date "2009.08.16"]
[Round "7.32"]
[White "Botsari, Anna Maria"]
[Black "Filippas, Sebastian"]
[Result "1/2-1/2"]
[WhiteElo "2298"]
[BlackElo "2224"]
[PlyCount "95"]
[EventDate "2009.08.10"]
[EventType "swiss"]
[EventRounds "9"]
[EventCountry "GRE"]
[Source "lmi"]
[SourceDate "2009.08.10"]

1. d4 Nf6 2. c4 e6 3. Nc3 c5 4. d5 exd5 5. cxd5 d6 6. e4 g6 7. f3 Bg7 8. Bg5
O-O 9. Qd2 h6 10. Be3 Re8 11. Nge2 Nbd7 12. Ng3 h5 13. Bg5 a6 14. a4 h4 15.
Nge2 h3 16. g4 Ne5 17. Ng1 Bd7 18. Be2 b5 19. Nxh3 b4 20. Nd1 Qc8 21. Nhf2
Nexg4 22. fxg4 Nxe4 23. Nxe4 Rxe4 24. Be3 Qd8 25. Bf3 Re8 26. O-O Qh4 27. Qf2
Qf6 28. h3 Rac8 29. Be2 Qxf2+ 30. Kxf2 c4 31. Rc1 c3 32. bxc3 bxc3 33. Bxa6 Ra8
34. Bb5 Bxb5 35. axb5 Ra2+ 36. Kf3 c2 37. Nf2 Ra3 38. Rfe1 Bd4 39. Ne4 f5 40.
gxf5 gxf5 41. Nxd6 Rexe3+ 42. Rxe3 Bxe3 43. Rxc2 Bc5+ 44. Kf4 Bxd6+ 45. Kxf5
Kf7 46. Rc6 Ke7 47. h4 Rf3+ 48. Kg6 1/2-1/2

[Event "24. Acropolis 2009"]
[Site "Chalkida GRE"]
[Date "2009.08.16"]
[Round "7.33"]
[White "Kaforos, Dimitrios Alkis"]
[Black "Aggelis, Nikolaos"]
[Result "0-1"]
[WhiteElo "2203"]
[BlackElo "2296"]
[PlyCount "86"]
[EventDate "2009.08.10"]
[EventType "swiss"]
[EventRounds "9"]
[EventCountry "GRE"]
[Source "lmi"]
[SourceDate "2009.08.10"]

1. e4 e5 2. Nf3 Nc6 3. Bc4 Bc5 4. c3 Nf6 5. d4 exd4 6. cxd4 Bb4+ 7. Bd2 Bxd2+
8. Nbxd2 d5 9. exd5 Nxd5 10. Qb3 Na5 11. Qa4+ Nc6 12. Qb3 Nce7 13. O-O O-O 14.
Ne4 a5 15. Rfe1 a4 16. Qa3 Bf5 17. Nc3 Bg6 18. Bxd5 Nxd5 19. Nxd5 Qxd5 20. Qe7
Rac8 21. h3 f6 22. Qc5 Be4 23. Nh4 Rfe8 24. Re3 Kf7 25. Rae1 Qxc5 26. dxc5 Bd5
27. a3 g6 28. Kf1 Bc4+ 29. Kg1 Bd5 30. Kf1 Rxe3 31. Rxe3 Re8 32. Ke2 Rxe3+ 33.
Kxe3 Ke6 34. Kd4 g5 35. Nf3 Bxf3 36. gxf3 Kf5 37. c6 b6 38. Kc4 h5 39. Kb5 Kf4
40. Ka6 Ke5 41. Kb5 h4 42. Ka6 Kd6 43. Kb5 f5 0-1

[Event "24. Acropolis 2009"]
[Site "Chalkida GRE"]
[Date "2009.08.16"]
[Round "7.35"]
[White "Dounis, Alexandros"]
[Black "Gluckman, David"]
[Result "1/2-1/2"]
[WhiteElo "2186"]
[BlackElo "2275"]
[PlyCount "113"]
[EventDate "2009.08.10"]
[EventType "swiss"]
[EventRounds "9"]
[EventCountry "GRE"]
[Source "lmi"]
[SourceDate "2009.08.10"]

1. d4 e6 2. Nf3 f5 3. c4 Nf6 4. Qc2 Bb4+ 5. Bd2 Qe7 6. a3 Bxd2+ 7. Nbxd2 d5 8.
g3 O-O 9. Bg2 c6 10. O-O Ne4 11. Ne5 Nd7 12. Ndf3 Ndf6 13. cxd5 exd5 14. Nd3
Be6 15. Nfe5 Rae8 16. b4 Nd6 17. a4 a6 18. Rfc1 Nfe4 19. e3 Kh8 20. Rab1 Bf7
21. Bf1 g5 22. Nc5 f4 23. Nxe4 Nxe4 24. exf4 gxf4 25. Bd3 Be6 26. f3 fxg3 27.
hxg3 Nxg3 28. Qh2 Rg8 29. Bg6 Ref8 30. Kf2 Bf5 31. Re1 Ne4+ 32. Rxe4 Bxe4 33.
Rg1 Bxg6 34. Nxg6+ Rxg6 35. Rxg6 Rxf3+ 36. Kxf3 Qf7+ 37. Ke3 Qxg6 38. Qe5+ Kg8
39. Qb8+ Kf7 40. Qxb7+ Kf8 41. Qb6 h5 42. Kf4 Qf6+ 43. Kg3 Qg5+ 44. Kh3 Qg4+
45. Kh2 Qe2+ 46. Kg3 Qg4+ 47. Kh2 Qh4+ 48. Kg2 Qe4+ 49. Kh3 Qe6+ 50. Kh2 Qd6+
51. Kh3 Ke7 52. Qxa6 Qxb4 53. Qxc6 Qxd4 54. Qc7+ Ke6 55. a5 Qg4+ 56. Kh2 Qe2+
57. Kh3 1/2-1/2

[Event "24. Acropolis 2009"]
[Site "Chalkida GRE"]
[Date "2009.08.16"]
[Round "7.36"]
[White "Ozturk, Kubra"]
[Black "Malikentzos, Sotirios"]
[Result "0-1"]
[WhiteElo "2256"]
[BlackElo "2148"]
[PlyCount "126"]
[EventDate "2009.08.10"]
[EventType "swiss"]
[EventRounds "9"]
[EventCountry "GRE"]
[Source "lmi"]
[SourceDate "2009.08.10"]

1. d4 d5 2. c4 c6 3. e3 Nf6 4. Nf3 Bg4 5. h3 Bxf3 6. Qxf3 e6 7. Nc3 Nbd7 8.
cxd5 exd5 9. Bd3 Bd6 10. O-O O-O 11. Bd2 Re8 12. Rae1 Qc7 13. g4 g6 14. Qg2 Re7
15. f4 Rae8 16. f5 Ne4 17. Nxe4 dxe4 18. Bc4 Nb6 19. Ba5 Bg3 20. Rc1 Qd6 21.
Bxb6 axb6 22. g5 Qc7 23. fxg6 hxg6 24. Rf6 Kg7 25. Rcf1 Rf8 26. Qe2 Bh4 27. Qg4
Qg3+ 28. Qxg3 Bxg3 29. d5 Bh4 30. d6 Rd7 31. Be6 Bxg5 32. Rxg6+ fxg6 33. Bxd7
Rd8 34. Bg4 Bxe3+ 35. Kh1 Rxd6 36. Re1 Bd4 37. Rxe4 Bxb2 38. Re7+ Kf6 39. Rxb7
c5 40. Rd7 Rc6 41. Bf3 Re6 42. Bd5 Re1+ 43. Kg2 Rc1 44. Rc7 Ke5 45. Bf7 Bd4 46.
Rc6 b5 47. Re6+ Kf4 48. Bxg6 Rg1+ 49. Kh2 Ra1 50. Re2 c4 51. h4 Bg1+ 52. Kg2
Be3 53. h5 c3 54. Bd3 Rg1+ 55. Kh2 Rg5 56. Bg6 Kf3 57. Rc2 b4 58. Be8 Bf4+ 59.
Kh1 Rg4 60. Bc6+ Ke3 61. Bb5 Rh4+ 62. Kg1 Rxh5 63. Ba4 Rh2 0-1

[Event "24. Acropolis 2009"]
[Site "Chalkida GRE"]
[Date "2009.08.16"]
[Round "7.37"]
[White "Bozinakis, Pavlos"]
[Black "Galopoulos, Nikolaos"]
[Result "0-1"]
[WhiteElo "2148"]
[BlackElo "2255"]
[PlyCount "78"]
[EventDate "2009.08.10"]
[EventType "swiss"]
[EventRounds "9"]
[EventCountry "GRE"]
[Source "lmi"]
[SourceDate "2009.08.10"]

1. e4 e5 2. Nf3 Nc6 3. Bb5 a6 4. Bxc6 dxc6 5. d3 Bd6 6. Be3 Nf6 7. O-O Bg4 8.
h3 Bh5 9. Nbd2 Qe7 10. Nc4 O-O-O 11. g4 Bg6 12. Qe1 h5 13. g5 Nd7 14. Nh4 Qe6
15. Kh2 Be7 16. Qc3 f5 17. gxf6 Qxf6 18. Nxg6 Qxg6 19. f4 exf4 20. Bxf4 Rdf8
21. Qa5 Bd8 22. Qd2 Qe6 23. Qg2 b5 24. Ne3 Rxf4 25. Rxf4 Qe5 26. Raf1 g5 27. d4
Qxd4 28. R4f3 g4 29. Rg3 h4 30. Rxg4 Qxe3 31. Rg6 Kb7 32. Rf5 Re8 33. Rg4 Bf6
34. b3 Be5+ 35. Kh1 Bg3 36. c4 Ne5 37. Rg7 Rd8 38. cxb5 axb5 39. Rfg5 Rd1+ 0-1

[Event "24. Acropolis 2009"]
[Site "Chalkida GRE"]
[Date "2009.08.16"]
[Round "7.38"]
[White "Galopoulos, Panagiotis"]
[Black "Makropoulou, Marina"]
[Result "0-1"]
[WhiteElo "2161"]
[BlackElo "2245"]
[PlyCount "120"]
[EventDate "2009.08.10"]
[EventType "swiss"]
[EventRounds "9"]
[EventCountry "GRE"]
[Source "lmi"]
[SourceDate "2009.08.10"]

1. e4 e5 2. Nf3 Nc6 3. Bb5 a6 4. Ba4 Nf6 5. O-O Be7 6. Re1 b5 7. Bb3 O-O 8. a4
Bb7 9. c3 d5 10. exd5 Nxd5 11. axb5 axb5 12. Rxa8 Bxa8 13. d4 exd4 14. Nxd4
Nxd4 15. Qxd4 Re8 16. Nd2 Bf6 17. Rxe8+ Qxe8 18. Qe4 Ne7 19. Qe2 Qc6 20. Nf3
Ng6 21. Be3 h6 22. h3 Bb7 23. Ne1 Qe8 24. Qh5 Ne5 25. Qf5 Nc4 26. Bxc4 bxc4 27.
Qc5 Qe4 28. Qxc7 Be5 29. Qd7 f5 30. Qd2 Bc7 31. Qd4 Qe6 32. Kf1 Kh7 33. Bf4
Bxf4 34. Qxf4 Be4 35. Qe3 Qd6 36. Qd4 Qa6 37. Qd2 Bd3+ 38. Nxd3 cxd3 39. f4
Qa1+ 40. Kf2 Qa7+ 41. Qe3 Qd7 42. Qd4 Qb5 43. c4 Qb3 44. Ke3 Qc2 45. Qxd3 Qxg2
46. Qxf5+ Kh8 47. b4 Qg1+ 48. Ke2 Qd4 49. Qc8+ Kh7 50. b5 Qe4+ 51. Kd2 Qxf4+
52. Kd3 h5 53. Qe6 Qg3+ 54. Kd4 g5 55. b6 g4 56. hxg4 h4 57. Qf5+ Kg8 58. Qg5+
Kf7 59. b7 Qg1+ 60. Kc3 Qa1+ 0-1

[Event "24. Acropolis 2009"]
[Site "Chalkida GRE"]
[Date "2009.08.16"]
[Round "7.39"]
[White "Vragoteris, Antonios"]
[Black "Karlovich, Anastazia"]
[Result "1-0"]
[WhiteElo "2266"]
[BlackElo "2211"]
[PlyCount "45"]
[EventDate "2009.08.10"]
[EventType "swiss"]
[EventRounds "9"]
[EventCountry "GRE"]
[Source "lmi"]
[SourceDate "2009.08.10"]

1. d4 d5 2. c4 Nc6 3. Nf3 Bg4 4. Nc3 e6 5. cxd5 exd5 6. Qb3 Bxf3 7. exf3 Qe7+
8. Be3 O-O-O 9. Be2 Qb4 10. Qxb4 Bxb4 11. Rc1 Nge7 12. Bd3 f5 13. O-O Rhf8 14.
f4 g6 15. a3 Ba5 16. Na4 Ng8 17. Rc2 Bb6 18. Rfc1 Rf7 19. Nc5 Bxc5 20. Rxc5 Rd6
21. b4 Nf6 22. f3 Nd8 23. Kf2 1-0